000 00473nam a2200217 454500
001 065598
003 BD-ChCU
008 Eng
020 _ax
040 _aDLC
_cDLC
_dBD-ChCU
082 0 0 _a181.11/HUC
100 1 _ax
_bx
245 1 0 _aChinese philosophy in classical times
_bx
250 _ax
260 _aN.Y.
_bDent
_c1966
300 _axlv, 336
504 _ax
650 0 _aPhilosophy, Chinese
_bPhilosophy, Chinese
700 1 _ax
942 _2ddc
_cBK
999 _c65598
_d65598